| 000 | 02338nam a2200361 i 4500 | ||
|---|---|---|---|
| 003 | DO-SdBNP | ||
| 005 | 20260602131214.0 | ||
| 007 | ta | ||
| 008 | 230919b2023 dr ||||| |||| 00| 0 spa d | ||
| 020 | _a9789945183986 | ||
| 040 |
_aDO-SdBNP _bspa _cBNPHU _erda |
||
| 082 | 4 |
_a320.97293 _bL925p _222 |
|
| 100 | 1 |
_aLozano, Wilfredo _d1950- _eautor _97126 |
|
| 245 | 1 | 3 |
_aLa política del poder : _bla crisis de la democracia dominicana en el siglo xxi / _cWilfredo Lozano ; corrección Amara Vera |
| 250 | _aSegunda edición actualizada y corregida | ||
| 264 | 4 |
_aSanto Domingo : _bFacultad Latinoamericana de Ciencias Sociales (FLACSO), Programa República Dominicana, _c©2023 |
|
| 300 |
_a544 páginas ; _bilustraciones ; cuadros, gráficos, _c23 cm. |
||
| 336 |
_2rdacontent _atexto _btxt |
||
| 337 |
_2rdamedia _asin mediación _bn |
||
| 338 |
_0rdacarrier _2volumen _anc |
||
| 500 | _aIncluye datos biográficos del autor en las solapas | ||
| 500 | _aIncluye raferencia bibliográficas y notas al pie de las páginas | ||
| 500 | _aIncluye índices | ||
| 504 | _aBibliografía : páginas, 481-513 | ||
| 505 | _aSegunda edición ampliada revisada. Un libro académico sobre la democracia dominicana, su crisis, los partidos políticos, la política y el gobierno en la República Dominicana desde los años 1990 hasta la actualidad. Wilfredo Lozano es un reconocido sociólogo. Fue galardonado con el Premio Nacional de Ciencias Sociales de la Fundación Corripio. Entre sus publicaciones se encuentran Los trabajadores del capitalismo exportador (2001), Después de los caudillos (2004), Las paradojas de las migraciones: el estado dominicano frente a la inmigración haitiana (2008), La razón democrática: política, desarrollo y clientelismo en la democracia dominicana (2013) y La política del poder: la crisis de la democracia dominicana en el siglo XXI (2017), El reformismo dependiente, política, economía y sociedad en el gobierno de los doce años de Joaquín Balaguer 1966-1978 (1985-2020) | ||
| 590 | _aInventariado, 2023/BT | ||
| 650 | 7 |
_aDemocracia _9286 |
|
| 650 | 7 |
_aPartidos políticos _zRepública Dominicana _2LIBRUNAM _9285 |
|
| 651 | 7 |
_aRepública Dominicana _xPolítica y gobierno _ySiglo XXI _2LIBRUNAM _981298 |
|
| 700 |
_aVera, Aimara, _ecorrección _977925 |
||
| 910 | _aBtavárez | ||
| 942 |
_2ddc _cLBS1 |
||
| 999 |
_c54832 _d54832 |
||